00559nam a22001577a 4500022001800000082001600018100001900034245007100053260003500124300002600159650002700185700001700212942000700229999001700236952014800253 a9781845117887 a958.104 RAS a Rashid, Ahmed a Taliban : militant Islam, oil, and fundamentalism in Central Asia aNew YorkbIBT Publishingc2008 axxiii, 276p. :e22 cm aIslamic fundamentalism aAhmed Rashid cBK c11661d11661 001040708NFICaCLbCLcGENd2013-03-22eAllied Book Companyg662.30l11m2o958.104 RASpSEECS012146r2023-09-10s2023-02-20w2013-03-26yBK